00580nam a22001817a 450000500170000001000150001702000110003203500140004303700130005708200100007010000180008024500580009825000090015626000410016527001440020630000220035070000260037220210813121829.0 aENG-129850 c450.00 aEN-113382 bDBAD/PUB a641.3 aKulkarni, P.H aFood For Health:cP.H. Kulkarni, Farida Sheriar Irani a2019 bDeerghayu Internationalc2019aPune a36, Kothrud Gaonthan, Opp. Mhatoba Temple, Bodhi Vruksha, Navagraha MarutibPunee411038k91-020-25382130mdeerghayuinternational@gmail.com a286p.c22cm (pbk) aIrani, Farida Sheriar